Zweierpotenzen von 1-10 in 15 Sekunden - Statistiken

Allgemein
  • Dieses Quiz wurde 1.559 mal gespielt
  • Das Durchschnittsergebnis liegt bei 7 aus 10
Antwortstatistiken
Zahl Ergebnis % Korrekt
2
100%
4
97%
8
92%
2⁴ 16
87%
2⁵ 32
80%
2⁶ 64
76%
2⁷ 128
70%
2⁸ 256
58%
2⁹ 512
47%
2¹⁰ 1024
39%
Keine übereinstimmenden Quizze gefunden
Verteilung der Resultate
Anzahl Personen mit jedem Resultat
Perzentil nach korrekt beantworteten Fragen
Ihre Resultats-Entwicklung
Sie haben dieses Quiz noch nicht gespielt